[Event "13th Mikhail Chigorin Memorial"]
[Site "Sochi URS"]
[Date "1979.??.??"]
[Round "1"]
[White "Antoshin, Vladimir"]
[Black "Sveshnikov, Evgeny"]
[WhiteElo "2440"]
[BlackElo "2545"]
[Result "1/2-1/2"]
[EventDate "1979.09.01"]
[PlyCount "86"]

1. d4 d5 2. c4 e6 3. Nc3 c6 4. e4 dxe4 5. Nxe4 Bb4+ 6. Bd2 Qxd4 7. Bxb4 Qxe4+ 8. Ne2 Ne7 9. Qb3 Nd7 10. O-O-O c5 11. Bc3 O-O 12. Ng3 Qf4+ 13. Rd2 Nf6 14. Bd3 Nc6 15. Qb5 Ne5 16. Be2 b6 17. Rhd1 Rb8 18. f3 a6 19. Qb3 b5 20. cxb5 axb5 21. Bxb5 Ba6 22. a4 c4 23. Bxe5 Qxe5 24. Qc3 Qxc3+ 25. bxc3 Bxb5 26. axb5 Nd5 27. Rxd5 exd5 28. Rxd5 Rfd8 29. Rxd8+ Rxd8 30. Nf5 Kf8 31. Kc2 Rd5 32. Ne3 Rc5 33. b6 Ke7 34. Nxc4 Kd7 35. Kd3 Kc6 36. Kd4 f6 37. h4 Rd5+ 38. Ke4 Rd7 39. h5 Kc5 40. Ne3 Kxb6 41. h6 Re7+ 42. Kd4 Kc6 43. hxg7 Rxg7 1/2-1/2

[Event "13th Mikhail Chigorin Memorial"]
[Site "Sochi URS"]
[Date "1979.??.??"]
[Round "1"]
[White "Suetin, Alexei"]
[Black "Zaitsev, Igor"]
[WhiteElo "2535"]
[BlackElo "2505"]
[Result "1/2-1/2"]
[EventDate "1979.09.01"]
[PlyCount "45"]

1. e4 e5 2. Nf3 Nc6 3. Bb5 a6 4. Ba4 Nf6 5. O-O Be7 6. Re1 b5 7. Bb3 O-O 8. c3 d6 9. a3 d5 10. exd5 e4 11. dxc6 exf3 12. d4 fxg2 13. Bg5 Qd6 14. Qf3 Nd5 15. Bxe7 Nxe7 16. Nd2 Nxc6 17. Ne4 Qg6 18. Bd5 Bg4 19. Qf4 Rad8 20. Nf6+ gxf6 21. Bxc6 Rd6 22. d5 Qg5 23. Qxg5+ 1/2-1/2

[Event "13th Mikhail Chigorin Memorial"]
[Site "Sochi URS"]
[Date "1979.??.??"]
[Round "6"]
[White "Gufeld, Eduard"]
[Black "Rashkovsky, Nukhim"]
[WhiteElo "2530"]
[BlackElo "2500"]
[Result "0-1"]
[EventDate "1979.09.01"]
[PlyCount "81"]

1. Nf3 Nf6 2. g3 g6 3. b3 Bg7 4. Bb2 O-O 5. Bg2 Nc6 6. O-O Ne4 7. d4 d5 8. c4 Be6 9. Nbd2 Nxd2 10. Qxd2 dxc4 11. Rfd1 cxb3 12. d5 Qxd5 13. Qxd5 Bxd5 14. Bxg7 Rfd8 15. Bc3 bxa2 16. Nd4 Bxg2 17. Kxg2 Nxd4 18. Rxd4 Rxd4 19. Bxd4 f6 20. Rxa2 b6 21. Kf3 Kf7 22. Ke4 Ke6 23. Ra6 Kd6 24. g4 c5 25. Ba1 Kc6 26. f4 Kb5 27. Ra3 a5 28. Rh3 Rd8 29. Rxh7 Rd1 30. Bb2 Rb1 31. Bc3 Kc4 32. Bxa5 bxa5 33. Rxe7 a4 34. Ra7 Rb4 35. h4 Kb3+ 36. Ke3 c4 37. h5 gxh5 38. gxh5 c3 39. Kd3 Rb8 40. e4 c2 41. Rc7 0-1

[Event "13th Mikhail Chigorin Memorial"]
[Site "Sochi URS"]
[Date "1979.??.??"]
[Round "11"]
[White "Kirov, Nino"]
[Black "Panchenko, Alexander"]
[WhiteElo "2420"]
[BlackElo "2485"]
[Result "1/2-1/2"]
[EventDate "1979.09.01"]
[PlyCount "81"]

1. Nf3 Nf6 2. g3 b5 3. Bg2 Bb7 4. O-O e6 5. d3 c5 6. e4 d6 7. Nc3 a6 8. a4 b4 9. Nb1 Nc6 10. Nbd2 Be7 11. Re1 O-O 12. Nf1 Qc7 13. c4 Nd7 14. Bg5 Nde5 15. Bxe7 Nxf3+ 16. Bxf3 Qxe7 17. Bg2 Nd4 18. Nd2 e5 19. Nf3 Ne6 20. Bh3 g6 21. Bxe6 Qxe6 22. Nd2 f5 23. f3 f4 24. g4 Kf7 25. Qe2 h5 26. Qg2 Rh8 27. h3 g5 28. Kf2 Rh7 29. Rh1 Rah8 30. b3 Bc6 31. Rag1 Rh6 32. Nf1 Qg6 33. Rh2 a5 34. Rgh1 R8h7 35. Kg1 Qf6 36. Qf2 Bd7 37. Qa2 Qh8 38. Qc2 Kf6 39. Qa2 Qb8 40. Qg2 Qc8 41. Qe2 1/2-1/2

[Event "13th Mikhail Chigorin Memorial"]
[Site "Sochi URS"]
[Date "1979.??.??"]
[Round "12"]
[White "Antoshin, Vladimir"]
[Black "Kharitonov, Andrei"]
[WhiteElo "2440"]
[BlackElo "2460"]
[Result "1/2-1/2"]
[EventDate "1979.09.01"]
[PlyCount "107"]

1. d4 Nf6 2. c4 e6 3. Nf3 b6 4. g3 Bb4+ 5. Nbd2 Bb7 6. Bg2 O-O 7. O-O d5 8. a3 Bd6 9. b4 c5 10. bxc5 bxc5 11. Rb1 Qc8 12. Qb3 Ba6 13. dxc5 Bxc5 14. Ne5 Nbd7 15. Nxd7 Qxd7 16. Bf3 Rac8 17. cxd5 exd5 18. Bb2 d4 19. Rfc1 Rfe8 20. Qd1 d3 21. e3 Qe6 22. Qa4 Red8 23. Bxf6 gxf6 24. Bg4 f5 25. Bxf5 Qxf5 26. Qxa6 Bb6 27. Rc4 Rxc4 28. Qxc4 Rc8 29. Qe4 Qxe4 30. Nxe4 Rc4 31. Nd2 Rc2 32. Rd1 Ba5 33. Nb3 d2 34. Kf1 Bc3 35. Ke2 Ra2 36. Kd3 Bf6 37. Rxd2 Rxa3 38. Kc4 a5 39. Rc2 a4 40. Nc1 Ra1 41. Na2 Be7 42. Nc3 a3 43. e4 Re1 44. f4 f6 45. Kd5 Kf7 46. e5 fxe5 47. fxe5 h5 48. Rf2+ Kg6 49. Kd4 Bg5 50. Ra2 Bc1 51. Nb5 Bb2+ 52. Kd3 Rxe5 53. Nxa3 Bxa3 54. Rxa3 1/2-1/2

[Event "13th Mikhail Chigorin Memorial"]
[Site "Sochi URS"]
[Date "1979.??.??"]
[Round "13"]
[White "Augustin, Josef"]
[Black "Kirov, Nino"]
[WhiteElo "2430"]
[BlackElo "2420"]
[Result "1/2-1/2"]
[EventDate "1979.09.01"]
[PlyCount "28"]

1. Nf3 d5 2. g3 Bg4 3. Bg2 Nd7 4. c4 c6 5. cxd5 cxd5 6. Qa4 Ngf6 7. Nc3 e6 8. Ne5 b5 9. Qxb5 Rb8 10. Qc6 Rb6 11. Qa4 Rb4 12. Qc6 Rb6 13. Qa4 Rb4 14. Qc6 Rb6 1/2-1/2

[Event "13th Mikhail Chigorin Memorial"]
[Site "Sochi URS"]
[Date "1979.??.??"]
[Round "13"]
[White "Zaitsev, Igor"]
[Black "Rashkovsky, Nukhim"]
[WhiteElo "2505"]
[BlackElo "2500"]
[Result "0-1"]
[EventDate "1979.09.01"]
[PlyCount "42"]

1. e4 c5 2. c3 Nf6 3. e5 Nd5 4. d4 cxd4 5. Nf3 Nc6 6. cxd4 d6 7. Bc4 Nb6 8. Bb5 Bd7 9. Nc3 dxe5 10. Nxe5 e6 11. O-O Nxe5 12. dxe5 Bxb5 13. Nxb5 a6 14. Nd4 Qd5 15. Be3 Nc4 16. Rc1 Be7 17. Qb3 Nxe3 18. fxe3 Qxe5 19. Qxb7 Qxe3+ 20. Kh1 O-O 21. Nxe6 Ra7 0-1

[Event "13th Mikhail Chigorin Memorial"]
[Site "Sochi URS"]
[Date "1979.??.??"]
[Round "14"]
[White "Suetin, Alexei"]
[Black "Augustin, Josef"]
[WhiteElo "2535"]
[BlackElo "2430"]
[Result "1-0"]
[EventDate "1979.09.01"]
[PlyCount "116"]

1. e4 c6 2. d4 d5 3. Nc3 dxe4 4. Nxe4 Nf6 5. Nxf6+ exf6 6. c3 Bd6 7. Bd3 O-O 8. Qc2 Re8+ 9. Ne2 g6 10. h4 Nd7 11. h5 Nf8 12. hxg6 fxg6 13. Bd2 Qe7 14. O-O-O Be6 15. Kb1 b5 16. Rde1 Qf7 17. Nc1 Rac8 18. Rh4 Bd5 19. f3 Rxe1 20. Bxe1 f5 21. Bd2 Ne6 22. Qd1 a6 23. Rh1 c5 24. dxc5 Nxc5 25. Bc2 Rd8 26. Be3 Be7 27. Qe1 Ne6 28. Bb6 Rd6 29. Ba5 Nd8 30. Bb4 Rd7 31. Bxe7 Rxe7 32. Qf2 Rd7 33. Rd1 Kg7 34. Qc5 Nb7 35. Qb6 Qe6 36. Qd4+ Qf6 37. Qa7 Qc6 38. Nb3 Bxb3 39. Rxd7+ Qxd7 40. axb3 Qc6 41. b4 Kf7 42. Bb3+ Ke7 43. Qe3+ Kd8 44. Qd4+ Kc7 45. Bd5 Qd7 46. Qe5+ Kb6 47. Kc2 Ka7 48. Kd3 a5 49. Qd4+ Ka6 50. Bxb7+ Qxb7 51. Qd6+ Qb6 52. Qxb6+ Kxb6 53. bxa5+ Kxa5 54. b3 Kb6 55. Kd4 g5 56. Ke5 g4 57. f4 Kc5 58. Kxf5 g3 1-0